| 000 | 00770nam a2200181Ia 4500 | ||
|---|---|---|---|
| 008 | 090630s9999 xx 000 0 und d | ||
| 082 | _b26870 | ||
| 100 | _aसंपा. गोवंडे श्रीकांत. | ||
| 245 |
_aश्री देवी महात्म्य. _cसंपा. गोवंडे श्रीकांत. |
||
| 260 | _bविद्याभारती - लातूर. | ||
| 300 | _a191 | ||
| 600 | _aसंपा. गोवंडे श्रीकांत. | ||
| 630 | _aश्री देवी महात्म्य. | ||
| 655 | _aधार्मिक. | ||
| 700 | _aसंपा. गोवंडे श्रीकांत. | ||
| 730 | _aश्री देवी महात्म्य. | ||
| 942 | _cBOOK | ||
| 999 |
_c278726 _d278726 |
||